|
|
|
|
| LEADER |
00000nab a2200000ua 4500 |
| 001 |
vtls010783438 |
| 003 |
SK-MaSNL |
| 005 |
20260426091520.0 |
| 008 |
230131s1974 xo |||||||||||||||||slo| |
| 035 |
|
|
|a (urnnbn)urn:nbn:sk:snk:ar-003dvv
|
| 035 |
|
|
|a (uuid)3a01d424-7d32-4ed8-b4f6-22cbae8793df
|
| 035 |
|
|
|a urn:nbn:sk:snk-ab41sr
|
| 040 |
|
|
|a SNKBUCL
|b slo
|c SNKBUCL
|e AACR2
|
| 041 |
0 |
|
|a slo
|
| 044 |
|
|
|a xo
|c SK
|
| 100 |
1 |
|
|a Mindoš, Ivan,
|d 1931-1998
|4 aut
|9 182211
|
| 245 |
1 |
0 |
|a Duklianske múzeum vo Svidníku
|c Ivan Mindoš
|
| 610 |
2 |
7 |
|a Duklianske múzeum (Svidník, Slovensko)
|2 SNK
|9 427746
|
| 650 |
0 |
7 |
|a múzeá
|2 SNKPH
|9 4119
|
| 650 |
0 |
7 |
|a múzejníctvo
|2 SNKPH
|9 20819
|
| 650 |
0 |
7 |
|a kultúrne pamiatky
|2 SNKPH
|9 2862
|
| 650 |
0 |
7 |
|a kultúra
|2 SNKPH
|9 886
|
| 650 |
0 |
7 |
|a múzejné expozície
|2 SNKPH
|9 81737
|
| 651 |
|
7 |
|a Svidník (Slovensko)
|2 SNKPH
|9 28309
|
| 651 |
|
7 |
|a Slovensko
|2 SNKPH
|9 14231
|
| 773 |
0 |
|
|t Vlastivedný časopis : časopis pre vlastivednú prácu, kultúrnu históriu, pamiatky a múzeá
|g Roč. 23, č. 4 (1974), s. 153-157
|
| 954 |
|
|
|a odborná, vedecká literatúra pôvodná (slovenská)
|2 lita
|
| 958 |
|
|
|a OND
|
| 958 |
|
|
|a EUIPO
|
| 958 |
|
|
|a article27
|
| 999 |
|
|
|c 3027521
|d 3029451
|